| 000 | 00427cam a2200181ua 4500 | ||
|---|---|---|---|
| 020 | _c1.50 | ||
| 041 |
_amal _h |
||
| 082 |
_a894.812308 _bNAR/KU |
||
| 100 | _aNarendranath, P . | ||
| 245 |
_aKunhikoonan / _cP Narendranath. _hTextual Documents |
||
| 260 |
_aThrissur : _bCurrent Books , _c1965. |
||
| 300 | _a107 ; . | ||
| 365 | _a1.50 | ||
| 504 | _a | ||
| 942 | _cBK | ||
| 999 |
_c4475 _d4475 |
||